| 000 | 00494nam a22001937a 4500 | ||
|---|---|---|---|
| 003 | CEME | ||
| 005 | 20210628202525.0 | ||
| 008 | 210316b xxu||||| |||| 00| 0 eng d | ||
| 020 | _a0-340-63195-3 | ||
| 040 | _c. | ||
| 082 | _a670.42 BLA'P | ||
| 100 |
_aLissaman, A.J Chiles, Vic Black, S.C _960330 |
||
| 245 | _aPrinciples of engineering manufacture | ||
| 250 | _a3RD | ||
| 260 |
_aLONDON _bARNOLD _c1996 |
||
| 300 | _a637P | ||
| 650 |
_aPRODUCTION ENGINEERING _92471 |
||
| 942 |
_cBK _2ddc |
||
| 999 |
_c570082 _d570082 |
||